Food handlers : (Record no. 82296)

MARC details
000 -LEADER
fixed length control field 00654nam a22002057a 4500
005 - DATE AND TIME OF LATEST TRANSACTION
control field 20140205123147.0
010 ## - LCCN (DPL NO)
LC control number ENG-109226
020 ## - INTERNATIONAL STANDARD BOOK NUMBER
Terms of availability 145.00
International Standard Book Number 9788129000583
035 ## - SYSTEM CONTROL NUMBER
System control number EN-92759
037 ## - SOURCE OF ACQUISITION
Source of stock number/acquisition DBAD/PUB
082 ## - DEWEY DECIMAL CLASSIFICATION NUMBER
Classification number 363.1927
100 ## - MAIN ENTRY--PERSONAL NAME
Personal name Dudeja, Puja
245 ## - TITLE STATEMENT
Title Food handlers :
Statement of responsibility, etc by Puja Dudeja ,Sukhpal Kaur [and] Amarjeet Singh
Remainder of title a crucial link in food safety /
260 ## - PUBLICATION, DISTRIBUTION, ETC. (IMPRINT)
Place of publication, distribution, etc Chandigarh
Name of publisher, distributor, etc New Era Book Agency
Date of publication, distribution, etc 2012
270 ## - ADDRESS
Address SCO 49-51, Sector -17 C, Post Box -52__
City Chandigarh
Postal code 160017
300 ## - PHYSICAL DESCRIPTION
Extent 128p.
Dimensions 22cm(pbk)
700 ## - ADDED ENTRY--PERSONAL NAME
Personal name Sukhpal Kaur
700 ## - ADDED ENTRY--PERSONAL NAME
Personal name Amarjeet Singh
942 ## - ADDED ENTRY ELEMENTS (KOHA)
Source of classification or shelving scheme Dewey Decimal Classification
Item type English Books
Call number suffix DUD
Classification part 363.1927
Holdings
Withdrawn status Lost status Not for loan Collection code Home library Current library Date acquired Source of acquisition Cost, normal purchase price Full call number Barcode Copy number Cost, replacement price Koha item type
    Not For Loan Non-fiction D.B.Act.Division D.B.Act.Division 31/01/2014 DBAD/PUB 145.00 363.1927 DUD EN-92759 1 145.00 English Books

© Delhi Public Library
Hit Counter
free hit counter